| 000 | 01234nam0a2200313 4500 | ||
|---|---|---|---|
| 001 | RU\NLR\bibl\371328 | ||
| 005 | 20250621163639.0 | ||
| 010 |
_a5-85907-184-1 _95000 |
||
| 035 | _a(NLR Aleph) 000365864 | ||
| 090 |
_a364755 _c364755 |
||
| 100 | _a20030227d2000 |||y0rusy50 ca | ||
| 101 | 0 | _arus | |
| 102 | _aRU | ||
| 105 | _aa ||||||||| | ||
| 200 | 1 |
_aЭнциклопедия автознаменитостей _eКонструкторы. Дизайнеры. Предприниматели _f[К.В. Шляхтинский и др.] |
|
| 210 |
_aМ. _cЗа рулем _d2000 |
||
| 215 |
_a224 с. _cил., цв. ил. _d29 |
||
| 320 | _aБиблиогр.: с. 222-224 | ||
| 320 | _aАлф. указ.: с. 214-221 | ||
| 606 | 0 |
_aАвтомобилестроение _jЭнциклопедии _9887705 _3RU\NLR\auth\66208 |
|
| 606 | 0 |
_aАвтомобильная промышленность _jБиографии _jЭнциклопедии _xКадры _92278676 _3RU\NLR\auth\661365347 |
|
| 686 | _aО33д.я20 | ||
| 686 | _aУ30(0)585.152.731-640д.я20 | ||
| 702 | 1 |
_aШляхтинский _bК. В. _4220 |
|
| 801 | 0 |
_aRU _bNLR _c20030227 _gPSBO |
|
| 801 | 1 |
_aRU _bNLR _c20030227 |
|
| 942 | _cBOOK | ||
| 980 | _aNB | ||